[Event "HUN-chT2 Erkel 1819"]
[Site "Hungary"]
[Date "2019.02.10"]
[Round "5.6"]
[White "Honsch, Pal"]
[Black "Matuska, Miklos"]
[Result "1-0"]
[WhiteElo "2022"]
[BlackElo "2034"]
[PlyCount "145"]
[EventDate "2018.10.28"]
[EventType "team-tourn"]
[EventRounds "9"]
[EventCountry "HUN"]
[SourceTitle "EXT 2021"]
[Source "ChessBase"]
[SourceDate "2020.10.23"]
[SourceVersion "1"]
[SourceVersionDate "2020.10.23"]
[SourceQuality "1"]
[WhiteTeam "Szada GSBE"]
[BlackTeam "Pestszentlorinc"]
[WhiteTeamCountry "HUN"]
[BlackTeamCountry "HUN"]

1. d4 Nf6 2. c4 e6 3. Nf3 d5 4. Nc3 Bb4 5. e3 0-0 6. Bd3 c5 7. 0-0 dxc4 8. Bxc4 Bxc3 9. bxc3 b6 10. Qb3 Nc6 11. Be2 Qc7 12. a4 Rd8 13. dxc5 bxc5 14. a5 Rb8 15. Qa3 e5 16. Qxc5 Rd5 17. Qc4 Be6 18. Ng5 Qd7 19. Nxe6 Qxe6 20. e4 Rxa5 21. Qxe6 fxe6 22. Be3 Rxa1 23. Rxa1 a5 24. f3 h6 25. h4 Kf7 26. Ra4 Nd7 27. Rc4 Ne7 28. Rc7 Ke8 29. Ra7 Nc6 30. Ra6 Rb1+ 31. Kh2 Ndb8 32. Rb6 Rxb6 33. Bxb6 Nd7 34. Be3 a4 35. Bb5 a3 36. Bc4 Ke7 37. Bc1 Nb6 38. Bxa3+ Kf7 39. Bb5 Na7 40. c4 Nxb5 41. cxb5 Nc4 42. Bc5 Na5 43. b6 Nb7 44. Bb4 h5 45. Bc3 g6 46. Kg3 Kf6 47. f4 Nc5 48. Bxe5+ Ke7 49. Kf3 Kd7 50. Ke3 Kc6 51. Bd4 Nb7 52. f5 gxf5 53. exf5 exf5 54. Kf4 Kd5 55. Be5 Ke6 56. Bc7 Kf6 57. Ke3 Ke6 58. Kd4 Na5 59. Kc5 Kd7 60. Kd5 Nc6 61. Bf4 Ne7+ 62. Ke5 Kc6 63. Bg5 Nc8 64. Kxf5 Nxb6 65. Kg6 Kd6 66. Kxh5 Ke6 67. Kh6 Nd7 68. h5 Ne5 69. Kh7 Kf5 70. Bd2 Ng4 71. h6 Nxh6 72. Kxh6 Kg4 73. Be1 1-0

[Event "HUN-chT2 Erkel 1819"]
[Site "Hungary"]
[Date "2018.10.28"]
[Round "1.6"]
[White "Honsch, Pal"]
[Black "Peczeli, Zoltan"]
[Result "0-1"]
[WhiteElo "2022"]
[BlackElo "2060"]
[PlyCount "62"]
[EventDate "2018.10.28"]
[EventType "team-tourn"]
[EventRounds "9"]
[EventCountry "HUN"]
[SourceTitle "EXT 2021"]
[Source "ChessBase"]
[SourceDate "2020.10.23"]
[SourceVersion "1"]
[SourceVersionDate "2020.10.23"]
[SourceQuality "1"]
[WhiteTeam "Szada GSBE"]
[BlackTeam "Varosgazda Akademia"]
[WhiteTeamCountry "HUN"]
[BlackTeamCountry "HUN"]

1. d4 Nf6 2. Nf3 e6 3. c4 d5 4. Nc3 c6 5. e3 Nbd7 6. Bd3 dxc4 7. Bxc4 b5 8. Bd3 a6 9. Qc2 c5 10. 0-0 Bb7 11. Qe2 Be7 12. b3 0-0 13. Bb2 cxd4 14. exd4 Nb6 15. Rac1 Nbd5 16. Nxd5 Qxd5 17. Qe5 Bd6 18. Qxd5 Nxd5 19. Be4 f6 20. Rc2 Rac8 21. Rfc1 Rxc2 22. Rxc2 Nb4 23. Re2 Bxe4 24. Rxe4 Kf7 25. Ba3 Rc8 26. Re2 Nd3 27. Bxd6 Rc1+ 28. Ne1 Nxe1 29. g3 Nf3+ 30. Kg2 Nxd4 31. h4 Rd1 0-1

[Event "HUN-chT2 Erkel 1617"]
[Site "Hungary"]
[Date "2017.01.29"]
[Round "7.6"]
[White "Honsch, Pal"]
[Black "Kertesz, Zsolt"]
[Result "0-1"]
[WhiteElo "2037"]
[BlackElo "2056"]
[PlyCount "144"]
[EventDate "2016.09.25"]
[EventType "team-tourn"]
[EventRounds "11"]
[EventCountry "HUN"]
[SourceTitle "EXT 2021"]
[Source "ChessBase"]
[SourceDate "2020.10.23"]
[SourceVersion "1"]
[SourceVersionDate "2020.10.23"]
[SourceQuality "1"]
[WhiteTeam "Szada GSBE"]
[BlackTeam "Budapest MAFC"]
[WhiteTeamCountry "HUN"]
[BlackTeamCountry "HUN"]

1. d4 g6 2. c4 Bg7 3. Nf3 d6 4. Nc3 Nc6 5. g3 Nf6 6. Bg2 0-0 7. 0-0 Bf5 8. d5 Na5 9. Nd2 c5 10. h3 a6 11. e4 Bd7 12. Qc2 b5 13. cxb5 axb5 14. Rb1 b4 15. Ne2 Bb5 16. Re1 Nd7 17. Nf3 Nc4 18. b3 Nce5 19. Rd1 Qa5 20. Nxe5 Nxe5 21. f4 Qa6 22. fxe5 Bxe2 23. Rd2 Bb5 24. Bb2 Qxa2 25. exd6 exd6 26. Kh2 Bxb2 27. Rxb2 Qa7 28. e5 dxe5 29. d6 Rad8 30. Qe4 Rfe8 31. Qd5 Re6 32. Ra2 Qb6 33. Ra8 Rxa8 34. Qxa8+ Re8 35. Qd5 Bd7 36. Re2 Re6 37. Rxe5 Qxd6 38. Qa8+ Kg7 39. Rd5 Qc7 40. Qa1+ Kg8 41. Qc1 Re2 42. Rxc5 Qb7 43. Qf1 Rb2 44. Kh1 Bxh3 45. Bxb7 Bxf1 46. Bd5 Rb1 47. Kh2 Rb2+ 48. Kg1 Bh3 49. Rb5 Be6 50. Bxe6 fxe6 51. Rxb4 Kg7 52. Rb8 Kf6 53. b4 Kg5 54. b5 Kg4 55. b6 Kxg3 56. Kf1 g5 57. b7 g4 58. Ke1 h5 59. Rh8 Rxb7 60. Rxh5 Kf4 61. Ra5 e5 62. Ra2 Rb1+ 63. Kf2 g3+ 64. Kg2 e4 65. Rc2 Rd1 66. Ra2 Rd3 67. Rb2 Rf3 68. Ra2 Kg4 69. Rb2 e3 70. Rb8 Rf2+ 71. Kg1 e2 72. Rg8+ Kh5 0-1

[Event "HUN-chT2 Erkel 1516"]
[Site "Hungary"]
[Date "2015.11.08"]
[Round "4.6"]
[White "Honsch, Pal"]
[Black "Pallagi, Janos"]
[Result "0-1"]
[WhiteElo "2065"]
[BlackElo "2020"]
[PlyCount "101"]
[EventDate "2015.09.13"]
[EventType "team-tourn"]
[EventRounds "11"]
[EventCountry "HUN"]
[SourceTitle "CBM 170 Extra"]
[Source "ChessBase"]
[SourceDate "2016.02.25"]
[SourceVersion "1"]
[SourceVersionDate "2016.02.25"]
[SourceQuality "1"]
[WhiteTeam "GSBE"]
[BlackTeam "Foti"]
[WhiteTeamCountry "HUN"]
[BlackTeamCountry "HUN"]

1. d4 c5 2. Be3 e6 3. dxc5 Na6 4. c6 bxc6 5. Bd4 d5 6. e3 Nf6 7. Nf3 Bd6 8. a3 0-0 9. b4 Qc7 10. Bxf6 gxf6 11. Nd4 Be5 12. Bd3 c5 13. Qe2 f5 14. bxc5 Nxc5 15. f4 Bg7 16. 0-0 Bd7 17. Nd2 Rab8 18. Rab1 Na4 19. Qh5 Rxb1 20. Rxb1 Bxd4 21. exd4 Qxf4 22. Nf3 Nb6 23. Re1 Rc8 24. g3 Qg4 25. Qxg4+ fxg4 26. Ne5 Ba4 27. Nxg4 Bxc2 28. Ba6 Rc3 29. Rc1 Rxa3 30. Rxc2 Rxa6 31. Ne5 Ra4 32. Rc7 Rxd4 33. Nxf7 a5 34. Ng5 e5 35. Nxh7 a4 36. Ra7 Rb4 37. Nf6+ Kf8 38. h4 d4 39. Kf2 d3 40. Ke3 Rd4 41. Nh7+ Ke8 42. Nf6+ Kd8 43. Ne4 Nc4+ 44. Kf3 Rxe4 45. Ra8+ Kc7 46. Kxe4 d2 47. Rxa4 Nd6+ 48. Kxe5 d1Q 49. Rd4 Qh5+ 50. Kf4 Qf5+ 51. Ke3 0-1

[Event "HUN-chT2 Erkel 1516"]
[Site "Hungary"]
[Date "2015.10.18"]
[Round "3.6"]
[White "Torok, Tamas Titusz"]
[Black "Honsch, Pal"]
[Result "1-0"]
[WhiteElo "2135"]
[BlackElo "2073"]
[PlyCount "75"]
[EventDate "2015.09.13"]
[EventType "team-tourn"]
[EventRounds "11"]
[EventCountry "HUN"]
[SourceTitle "CBM 170 Extra"]
[Source "ChessBase"]
[SourceDate "2016.02.25"]
[SourceVersion "1"]
[SourceVersionDate "2016.02.25"]
[SourceQuality "1"]
[WhiteTeam "Pestszentlorinc"]
[BlackTeam "GSBE"]
[WhiteTeamCountry "HUN"]
[BlackTeamCountry "HUN"]

1. e4 c5 2. c3 d5 3. exd5 Qxd5 4. d4 Nf6 5. Nf3 e6 6. Be3 Nc6 7. c4 Qd8 8. a3 cxd4 9. Nxd4 Qa5+ 10. Nc3 Ne4 11. Rc1 Nxc3 12. Rxc3 Bxa3 13. Nb5 Bxb2 14. Bd2 Qd8 15. Rd3 Bd4 16. Nxd4 Nxd4 17. Qg4 Nc2+ 18. Kd1 Qf6 19. Bg5 Qa1+ 20. Kxc2 Bd7 21. Kd2 Ba4 22. Qd4 Qa2+ 23. Ke3 0-0 24. Be2 e5 25. Qc3 Qc2 26. Qxc2 Bxc2 27. Rd2 Bg6 28. Be7 Rfe8 29. Rd7 b6 30. Rhd1 a5 31. Rb7 f5 32. f3 a4 33. Ba3 f4+ 34. Kf2 e4 35. Rdd7 e3+ 36. Ke1 Rad8 37. Rxg7+ Kh8 38. Bb2 1-0

[Event "HUN-chT2 Erkel 1415"]
[Site "Hungary"]
[Date "2015.04.26"]
[Round "9.7"]
[White "Honsch, Pal"]
[Black "Malik, Andras"]
[Result "1/2-1/2"]
[WhiteElo "2033"]
[BlackElo "2001"]
[PlyCount "132"]
[EventDate "2014.09.28"]
[EventType "team-tourn"]
[EventRounds "9"]
[EventCountry "HUN"]
[SourceTitle "EXT 2016"]
[Source "ChessBase"]
[SourceDate "2015.10.08"]
[SourceVersion "1"]
[SourceVersionDate "2015.10.08"]
[SourceQuality "1"]
[WhiteTeam "GBSE"]
[BlackTeam "Andornaktalya"]
[WhiteTeamCountry "HUN"]
[BlackTeamCountry "HUN"]

1. d4 Nf6 2. c4 g6 3. Nf3 Bg7 4. g3 0-0 5. Bg2 d5 6. Nc3 c6 7. 0-0 dxc4 8. Ne5 Nd5 9. Nxc4 Nxc3 10. bxc3 Be6 11. Qd3 Bxc4 12. Qxc4 Nd7 13. Rb1 Qc8 14. Qb4 Nb6 15. e4 e5 16. Be3 exd4 17. cxd4 Qd7 18. a4 Rad8 19. a5 Nc8 20. Rfd1 b6 21. Rbc1 Qd6 22. Qxd6 Nxd6 23. axb6 axb6 24. Rxc6 Nc8 25. e5 Ne7 26. Rcc1 Nd5 27. Bg5 f6 28. Bxd5+ Rxd5 29. exf6 Bxf6 30. Bxf6 Rxf6 31. Rc7 Rfd6 32. Re1 Rd7 33. Re8+ Kf7 34. Rxd7+ Rxd7 35. Rb8 h5 36. Rxb6 Rxd4 37. Kg2 Rd2 38. h4 Kg7 39. Re6 Kf7 40. Rc6 Kg7 41. Kf3 Kf7 42. Ke3 Rb2 43. Rd6 Rb1 44. Ke4 Rb4+ 45. Rd4 Rb2 46. f3 Rb3 47. Kf4 Rb5 48. Re4 Rf5+ 49. Ke3 Rb5 50. g4 hxg4 51. fxg4 Rb1 52. Kf4 Kf6 53. g5+ Kf7 54. Ke5 Rb5+ 55. Kd6 Rb6+ 56. Kd5 Rb5+ 57. Kd6 Rb6+ 58. Kc5 Ra6 59. Rf4+ Kg7 60. Rb4 Kf7 61. Rf4+ Kg7 62. Rc4 Kf7 63. Kd5 Ra5+ 64. Kd6 Ra6+ 65. Kd5 Ra5+ 66. Ke4 Ra7 1/2-1/2

[Event "HUN-chT2 Erkel 1314"]
[Site "Hungary"]
[Date "2013.11.03"]
[Round "4"]
[White "Banhazi, Istvan"]
[Black "Honsch, Pal"]
[Result "0-1"]
[WhiteElo "2063"]
[BlackElo "2062"]
[PlyCount "77"]
[EventDate "2013.09.08"]
[EventType "team-tourn"]
[EventRounds "11"]
[EventCountry "HUN"]
[SourceTitle "EXT 2016"]
[Source "ChessBase"]
[SourceDate "2015.10.08"]
[SourceVersion "1"]
[SourceVersionDate "2015.10.08"]
[SourceQuality "1"]
[WhiteTeam "Budapest MAFC"]
[BlackTeam "Szada GSBE"]
[WhiteTeamCountry "HUN"]
[BlackTeamCountry "HUN"]

1. d4 Nf6 2. c4 e6 3. Nc3 c5 4. d5 exd5 5. cxd5 d6 6. e4 g6 7. h3 Bg7 8. Nf3 0-0 9. Bd3 Na6 10. 0-0 Nc7 11. Re1 Nd7 12. Bg5 f6 13. Bh4 Rf7 14. e5 Nxe5 15. Nxe5 dxe5 16. d6 Ne6 17. Bc4 g5 18. Bg3 Bf8 19. Ne4 Kg7 20. Bxe6 Bxe6 21. Nxc5 Bf5 22. Qf3 Qb6 23. Rac1 Bxd6 24. Na4 Qb4 25. Qxf5 Qxa4 26. h4 gxh4 27. Re4 Qd7 28. Rg4+ Kh8 29. Qxd7 Rxd7 30. Bxh4 Be7 31. f3 f5 32. Rgc4 Bxh4 33. Rxh4 Kg7 34. Rc5 Re8 35. Ra4 a6 36. Rh4 Re6 37. a4 f4 38. g3 fxg3 39. Rg4+ 0-1

[Event "HUN-chT2 Erkel 1112"]
[Site "Hungary"]
[Date "2012.03.12"]
[Round "7.5"]
[White "Molnar, Laszlo"]
[Black "Honsch, Pal"]
[Result "1/2-1/2"]
[WhiteElo "2173"]
[BlackElo "2015"]
[PlyCount "36"]
[EventDate "2011.09.25"]
[EventType "team-tourn"]
[EventRounds "11"]
[EventCountry "HUN"]
[SourceTitle "EXT 2013"]
[Source "ChessBase"]
[SourceDate "2012.11.22"]
[SourceVersion "1"]
[SourceVersionDate "2012.11.22"]
[SourceQuality "1"]
[WhiteTeam "Ujszasz"]
[BlackTeam "Vaci"]
[WhiteTeamCountry "HUN"]
[BlackTeamCountry "HUN"]

1. d4 Nf6 2. c4 e6 3. Nc3 c5 4. d5 exd5 5. cxd5 d6 6. e4 g6 7. h3 Bg7 8. Nf3 0-0 9. Bd3 b5 10. Bxb5 Nxe4 11. Nxe4 Qa5+ 12. Nfd2 Qxb5 13. Nxd6 Qa6 14. N2c4 Nd7 15. 0-0 Nb6 16. Nxb6 axb6 17. Nxc8 Rfxc8 18. Qc2 Qa4 1/2-1/2

[Event "HUN-chT2 Erkel 1112"]
[Site "Hungary"]
[Date "2012.02.19"]
[Round "6.6"]
[White "Lengyel, Laszlo"]
[Black "Honsch, Pal"]
[Result "0-1"]
[WhiteElo "2088"]
[BlackElo "2015"]
[PlyCount "69"]
[EventDate "2011.09.25"]
[EventType "team-tourn"]
[EventRounds "11"]
[EventCountry "HUN"]
[SourceTitle "EXT 2013"]
[Source "ChessBase"]
[SourceDate "2012.11.22"]
[SourceVersion "1"]
[SourceVersionDate "2012.11.22"]
[SourceQuality "1"]
[WhiteTeam "Paszto"]
[BlackTeam "Vaci"]
[WhiteTeamCountry "HUN"]
[BlackTeamCountry "HUN"]

1. c4 Nf6 2. Nc3 e6 3. Nf3 c5 4. d4 cxd4 5. Nxd4 a6 6. a3 Qc7 7. e4 d6 8. Be3 Nbd7 9. Rc1 b6 10. Be2 Bb7 11. f3 Be7 12. 0-0 Rc8 13. b3 0-0 14. a4 Qb8 15. Nc2 d5 16. exd5 exd5 17. Nxd5 Nxd5 18. cxd5 Bd6 19. f4 Nf6 20. Bc4 b5 21. axb5 axb5 22. Bxb5 Bxd5 23. Nd4 Rxc1 24. Bxc1 Bc5 25. Ba4 Rd8 26. Bb2 Bc4 27. Rf2 Ne4 28. Rc2 Bxb3 29. Bxb3 Qxb3 30. Kf1 f5 31. Qf3 Qxc2 32. Nxc2 Nd2+ 33. Ke2 Nxf3 34. gxf3 Rd6 35. Be5 0-1

[Event "HUN-chT2 Erkel 1112"]
[Site "Hungary"]
[Date "2011.11.27"]
[Round "4.5"]
[White "Honsch, Pal"]
[Black "Imre, Jozsef"]
[Result "1/2-1/2"]
[WhiteElo "2015"]
[BlackElo "2105"]
[PlyCount "25"]
[EventDate "2011.09.25"]
[EventType "team-tourn"]
[EventRounds "11"]
[EventCountry "HUN"]
[SourceTitle "EXT 2013"]
[Source "ChessBase"]
[SourceDate "2012.11.22"]
[SourceVersion "1"]
[SourceVersionDate "2012.11.22"]
[SourceQuality "1"]
[WhiteTeam "Vaci"]
[BlackTeam "Vizugy"]
[WhiteTeamCountry "HUN"]
[BlackTeamCountry "HUN"]

1. d4 d6 2. c4 g6 3. Nf3 Bg7 4. g3 Nd7 5. Bg2 e5 6. Nc3 Ne7 7. 0-0 0-0 8. d5 a5 9. e4 Nc5 10. Be3 f5 11. Bxc5 dxc5 12. exf5 Nxf5 13. Re1 1/2-1/2

[Event "Budapest FS02 FM-B"]
[Site "Budapest"]
[Date "2011.02.12"]
[Round "8"]
[White "Honsch, Pal"]
[Black "Medvegyne Balogh, Emese"]
[Result "0-1"]
[WhiteElo "2096"]
[BlackElo "2084"]
[PlyCount "92"]
[EventDate "2011.02.05"]
[EventType "tourn"]
[EventRounds "11"]
[EventCountry "HUN"]
[SourceTitle "CBM 140 Extra"]
[Source "ChessBase"]
[SourceDate "2011.03.01"]
[SourceVersion "1"]
[SourceVersionDate "2011.03.01"]
[SourceQuality "1"]

1. d4 d5 2. c4 c6 3. Nf3 Nf6 4. cxd5 cxd5 5. Nc3 Nc6 6. Bf4 e6 7. e3 a6 8. Bd3 Bd6 9. Bg3 0-0 10. 0-0 Bxg3 11. hxg3 b5 12. Rc1 Bb7 13. b3 Ng4 14. Nh2 Nxh2 15. Qh5 f5 16. Kxh2 Rf6 17. Kg1 Rh6 18. Qd1 Qg5 19. Be2 Ne7 20. Qe1 Rg6 21. f4 Qf6 22. Bh5 Rh6 23. g4 fxg4 24. Bxg4 Bc6 25. b4 Be8 26. Bf3 Bh5 27. Ne2 Nf5 28. Ng3 Bxf3 29. Nxf5 exf5 30. Rxf3 Re8 31. Rc5 Qxd4 32. exd4 Rxe1+ 33. Kf2 Rhe6 34. Rxd5 R1e2+ 35. Kf1 Rxa2 36. Rxf5 Ree2 37. Rc3 h6 38. Re5 Rf2+ 39. Kg1 Rxg2+ 40. Kh1 Rgd2 41. Rc1 Rxd4 42. f5 Rf4 43. Rce1 Raf2 44. Re8+ Kh7 45. R8e6 Rxf5 46. Rxa6 Rf1+ 0-1

[Event "HUN-chT2 Erkel 1011"]
[Site "Hungary"]
[Date "2010.11.21"]
[Round "6.5"]
[White "Honsch, Pal"]
[Black "Juhasz, Barbara"]
[Result "1/2-1/2"]
[WhiteElo "2096"]
[BlackElo "1997"]
[PlyCount "61"]
[EventDate "2010.09.12"]
[EventType "team-tourn"]
[EventRounds "11"]
[EventCountry "HUN"]
[SourceTitle "EXT 2012"]
[Source "ChessBase"]
[SourceDate "2011.11.24"]
[SourceVersion "1"]
[SourceVersionDate "2011.11.24"]
[SourceQuality "1"]
[WhiteTeam "Vaci"]
[BlackTeam "Toth Laszlo"]
[WhiteTeamCountry "HUN"]
[BlackTeamCountry "HUN"]

1. d4 Nf6 2. c4 g6 3. Nf3 Bg7 4. g3 0-0 5. Bg2 d6 6. Nc3 Nbd7 7. 0-0 e5 8. h3 Nh5 9. e4 a5 10. Bg5 Nhf6 11. Qd2 c6 12. Rad1 Qc7 13. b3 Re8 14. dxe5 dxe5 15. Be3 Bf8 16. Qc2 Nc5 17. Ne1 b6 18. Nd3 Nfd7 19. Rfe1 f6 20. f4 Nxd3 21. Rxd3 Nc5 22. Rd2 Be6 23. Kh2 Rad8 24. Red1 Bf7 25. fxe5 fxe5 26. Bg5 Be7 27. Be3 Rxd2 28. Rxd2 Rd8 29. Qd1 Rxd2 30. Qxd2 Qd6 31. Qxd6 1/2-1/2

[Event "HUN-chT2 Erkel 1011"]
[Site "Hungary"]
[Date "2010.10.10"]
[Round "3.4"]
[White "Varga, Laszlo"]
[Black "Honsch, Pal"]
[Result "1/2-1/2"]
[WhiteElo "2212"]
[BlackElo "2096"]
[PlyCount "80"]
[EventDate "2010.09.12"]
[EventType "team-tourn"]
[EventRounds "11"]
[EventCountry "HUN"]
[SourceTitle "EXT 2012"]
[Source "ChessBase"]
[SourceDate "2011.11.24"]
[SourceVersion "1"]
[SourceVersionDate "2011.11.24"]
[SourceQuality "1"]
[WhiteTeam "Ujszasz"]
[BlackTeam "Vaci"]
[WhiteTeamCountry "HUN"]
[BlackTeamCountry "HUN"]

1. d4 Nf6 2. Nf3 e6 3. e3 c5 4. Bd3 cxd4 5. exd4 b6 6. 0-0 Be7 7. Nbd2 Bb7 8. Re1 d6 9. Nc4 Nbd7 10. Bf4 Qc7 11. Qe2 Nd5 12. Bd2 0-0 13. Na3 a6 14. c4 N5f6 15. Rac1 Rfe8 16. Bb1 Rac8 17. Ng5 Bf8 18. f3 Qb8 19. Qd3 g6 20. b4 Bg7 21. Re2 Nf8 22. Rce1 h6 23. Nh3 Rcd8 24. Nf2 e5 25. d5 b5 26. cxb5 axb5 27. Nxb5 Nxd5 28. a4 Ne6 29. g3 Bc6 30. Ba2 Bxb5 31. Qxb5 Qxb5 32. axb5 Nb6 33. Be3 Rb8 34. Rd1 Na4 35. Rxd6 Nc3 36. Rc2 Nxb5 37. Rd7 Bf8 38. Ng4 Bg7 39. Rc6 Nbd4 40. Bxd4 exd4 1/2-1/2

[Event "HUN-chT2 Erkel 1011"]
[Site "Hungary"]
[Date "2010.09.12"]
[Round "1.5"]
[White "Honsch, Pal"]
[Black "Medvegy, Judit"]
[Result "0-1"]
[WhiteElo "2096"]
[BlackElo "2037"]
[PlyCount "112"]
[EventDate "2010.09.12"]
[EventType "team-tourn"]
[EventRounds "11"]
[EventCountry "HUN"]
[SourceTitle "EXT 2012"]
[Source "ChessBase"]
[SourceDate "2011.11.24"]
[SourceVersion "1"]
[SourceVersionDate "2011.11.24"]
[SourceQuality "1"]
[WhiteTeam "Vaci"]
[BlackTeam "Foti"]
[WhiteTeamCountry "HUN"]
[BlackTeamCountry "HUN"]

1. d4 f5 2. c4 Nf6 3. Nf3 g6 4. g3 Bg7 5. Bg2 0-0 6. 0-0 d6 7. Nc3 c6 8. Qc2 Na6 9. b3 Bd7 10. Bb2 Re8 11. Rad1 Qc7 12. Qd2 Rad8 13. e4 fxe4 14. Ng5 d5 15. Rc1 Qb8 16. Nh3 Bf5 17. cxd5 cxd5 18. Nb5 Bd7 19. Qa5 Bxb5 20. Qxb5 Nc7 21. Qb4 Rd6 22. Nf4 g5 23. Ne2 g4 24. Qd2 Ne6 25. h3 h5 26. h4 Kh7 27. Rc3 Bh6 28. Qc2 Ra6 29. Bc1 Bg7 30. a4 Nd7 31. Be3 Kg8 32. Rc1 Rb6 33. Qd2 Qd6 34. Bf4 Qb4 35. a5 Qxa5 36. Rc8 Qxd2 37. Rxe8+ Kf7 38. Rxe7+ Kxe7 39. Bxd2 Rxb3 40. Bc3 Bh6 41. Ra1 a6 42. Bf1 Nb6 43. Kg2 Nc4 44. Ra4 Kd7 45. Ba1 Ra3 46. Nc3 Rxa4 47. Nxa4 b5 48. Bxc4 dxc4 49. Nc3 e3 50. f4 gxf3+ 51. Kxf3 Nxd4+ 52. Kg2 e2 53. Kf2 Nc2 54. Kxe2 Nxa1 55. Ne4 Kc6 56. Kd1 b4 0-1

[Event "Budapest FS06 FM-A"]
[Site "Budapest"]
[Date "2010.06.12"]
[Round "8"]
[White "Koczo, Kristof"]
[Black "Honsch, Pal"]
[Result "0-1"]
[WhiteElo "2167"]
[BlackElo "2015"]
[PlyCount "48"]
[EventDate "2010.06.05"]
[EventType "tourn"]
[EventRounds "9"]
[EventCountry "HUN"]
[SourceTitle "CBM 136 Extra"]
[Source "ChessBase"]
[SourceDate "2010.07.02"]
[SourceVersion "2"]
[SourceVersionDate "2010.07.15"]
[SourceQuality "1"]

1. d4 Nf6 2. c4 e6 3. Nc3 c5 4. d5 exd5 5. cxd5 d6 6. e4 g6 7. h3 Bg7 8. Bg5 0-0 9. Bd3 b5 10. Nxb5 Qb6 11. Bxf6 Bxf6 12. Qd2 Ba6 13. a4 Bxb5 14. axb5 a5 15. bxa6 Nxa6 16. Bxa6 Rxa6 17. Rxa6 Qxa6 18. Ne2 Rb8 19. f4 Rxb2 20. Qd1 Qa2 21. e5 Bh4+ 22. g3 Rb1 23. gxh4 Rxd1+ 24. Kxd1 Qxd5+ 0-1

[Event "Budapest FS06 FM-A"]
[Site "Budapest"]
[Date "2010.06.09"]
[Round "5"]
[White "Honsch, Pal"]
[Black "Tran, Minh Trang"]
[Result "1-0"]
[WhiteElo "2015"]
[BlackElo "2021"]
[PlyCount "45"]
[EventDate "2010.06.05"]
[EventType "tourn"]
[EventRounds "9"]
[EventCountry "HUN"]
[SourceTitle "CBM 136 Extra"]
[Source "ChessBase"]
[SourceDate "2010.07.02"]
[SourceVersion "2"]
[SourceVersionDate "2010.07.15"]
[SourceQuality "1"]

1. d4 e6 2. c4 b6 3. Nf3 Bb7 4. g3 f5 5. Bg2 Nf6 6. 0-0 c5 7. d5 exd5 8. Nh4 g6 9. Nc3 Qc8 10. cxd5 d6 11. e4 fxe4 12. Re1 Be7 13. Nxe4 0-0 14. Nxc5 Qxc5 15. Rxe7 Rf7 16. Rxf7 Kxf7 17. Be3 Qb5 18. a4 Qxb2 19. Bd4 Qb4 20. Rb1 Qa3 21. Rb3 Qa2 22. Bxf6 Kxf6 23. Qd4+ 1-0

[Event "HUN-chT2 Erkel 0910"]
[Site "Hungary"]
[Date "2010.04.11"]
[Round "9.7"]
[White "Honsch, Pal"]
[Black "Toth, Andras1111"]
[Result "1/2-1/2"]
[WhiteElo "2015"]
[BlackElo "2093"]
[PlyCount "62"]
[EventDate "2009.11.08"]
[EventType "team-tourn"]
[EventRounds "11"]
[EventCountry "HUN"]
[SourceTitle "EXT 2011"]
[Source "ChessBase"]
[SourceDate "2010.11.26"]
[SourceVersion "1"]
[SourceVersionDate "2010.11.26"]
[SourceQuality "1"]
[WhiteTeam "Vaci"]
[BlackTeam "Budapest MTK"]
[WhiteTeamCountry "HUN"]
[BlackTeamCountry "HUN"]

1. d4 Nf6 2. c4 c5 3. Nf3 cxd4 4. Nxd4 g6 5. Nc3 d6 6. g3 Nc6 7. Bg2 Bd7 8. 0-0 Bg7 9. e4 0-0 10. Nde2 Ne5 11. b3 Bc6 12. Qc2 e6 13. Bb2 a6 14. h3 Qc7 15. Nd4 Bd7 16. Qd2 Rfd8 17. Rac1 Rac8 18. Rfd1 Be8 19. Kh2 Nc6 20. Nxc6 Bxc6 21. Nd5 exd5 22. cxd5 Qe7 23. dxc6 bxc6 24. Qe2 Qb7 25. e5 Nd5 26. exd6 Bxb2 27. Qxb2 Rxd6 28. Bxd5 Rxd5 29. Rxd5 cxd5 30. Rxc8+ Qxc8 31. Qd4 Qc2 1/2-1/2

[Event "HUN-chT2 Erkel 0910"]
[Site "Hungary"]
[Date "2010.02.14"]
[Round "6.6"]
[White "Honsch, Pal"]
[Black "Muhari, Istvan"]
[Result "1/2-1/2"]
[WhiteElo "2015"]
[BlackElo "2195"]
[PlyCount "81"]
[EventDate "2009.11.08"]
[EventType "team-tourn"]
[EventRounds "11"]
[EventCountry "HUN"]
[SourceTitle "EXT 2011"]
[Source "ChessBase"]
[SourceDate "2010.11.26"]
[SourceVersion "1"]
[SourceVersionDate "2010.11.26"]
[SourceQuality "1"]
[WhiteTeam "Vaci"]
[BlackTeam "Ujszasz"]
[WhiteTeamCountry "HUN"]
[BlackTeamCountry "HUN"]

1. d4 d5 2. c4 e6 3. Nf3 Nf6 4. g3 Nbd7 5. Bg2 dxc4 6. Qa4 c6 7. Qxc4 Nb6 8. Qc2 Bb4+ 9. Bd2 Bxd2+ 10. Nbxd2 0-0 11. 0-0 Qe7 12. e4 Nfd7 13. a4 a5 14. Nc4 Nxc4 15. Qxc4 Nf6 16. Rfe1 Bd7 17. Ne5 Rfc8 18. Qc5 Qd8 19. Nc4 Be8 20. Qb6 Nd7 21. Qxd8 Rxd8 22. Nd6 Ra7 23. e5 Nb6 24. Rec1 Nc8 25. Nxc8 Rxc8 26. d5 exd5 27. Bxd5 Rd8 28. Bf3 Rd3 29. Kg2 Ra8 30. Rd1 Rad8 31. Rxd3 Rxd3 32. Rd1 Rxd1 33. Bxd1 Kf8 34. Kf3 Ke7 35. Ke4 Bd7 36. f4 Be6 37. f5 Bd5+ 38. Kd4 b6 39. Bc2 Kd7 40. Bd1 Ke7 41. Bc2 1/2-1/2